000 00535nam a2200205Ia 4500
005 20250923144341.0
008 008 250917s9999 xx 000 0 eng d
037 _aTextual
040 _aDSWL
_beng
_cDSWL
041 _aeng
_2eng
084 _aL:5, H8
_qDSWL
100 _aEwing, Oscar R
_9823977
245 0 _aNation's health a Ten Year
_cby Oscar R Ewing
260 _aWashington
_c1948
300 _a186 p.
365 _aUSD
_b1
925 _g1
942 _cTEXL
_hL:5, H8
999 _c1437781
_d1437781